Propiedades mecánicas / (Record no. 7401)

000 -CABECERA
fixed length control field 00913nam a22002417a 4500
003 - IDENTIFICADOR DEL NÚMERO DE CONTROL
control field AR-CdUCM
008 - DATOS DE LONGITUD FIJA--INFORMACIÓN GENERAL
fixed length control field 190320b ||||| |||| 00| 0 spa d
040 ## - FUENTE DE LA CATALOGACIÓN
Agencia/entidad que catalogó originalmente la obra MUNICIPALIDAD PROVINCIAL DEL CUSCO
Entidad que transcribió la catalogación BIBLIOTECA MUNICIPAL DEL CUSCO
082 ## - NÚMERO DE LA CLASIFICACIÓN DECIMAL DEWEY
No. de Clasificación 691.08 /
Notacion interna CM
100 ## - ENTRADA PRINCIPAL--NOMBRE DE PERSONA
Nombre Personal Hayden, Wayden
245 ## - MENCIÓN DE TÍTULO
Título Propiedades mecánicas /
260 ## - PUBLICACIÓN, DISTRIBUCIÓN, ETC.
Lugar de publicación, distribución, etc. México :
Nombre de la editorial, distribuidor, etc. Limusa,
Fecha de publicación, distribución, etc. 1968
300 ## - DESCRIPCIÓN FÍSICA
Nº de Páginas Extensión 253 paginas ;
Otros detalles físicos diagramas,
Dimensiones 23 cm.
440 ## - MENCIÓN DE SERIE/PUNTO DE ACCESO ADICIONAL--TÍTULO
Título Colección introducción a la ciencia de materiales
9 (RLIN) 20867
505 ## - NOTA DE CONTENIDO CON FORMATO
Nota de contenido formateada Contenido :Pruebas mecánicas --Propiedades elásticas --Anelastecidad --Dislocaciones --Microplasticidad de cristales --Deformación plástica --Fractura ...
650 ## - PUNTO DE ACCESO ADICIONAL DE MATERIA--TÉRMINO DE MATERIA
Descriptor Propiedades Mecanicas
9 (RLIN) 20868
700 ## - PUNTO DE ACCESO ADICIONAL--NOMBRE DE PERSONA
Nombre Personal William G. Morffatt
9 (RLIN) 20869
700 ## - PUNTO DE ACCESO ADICIONAL--NOMBRE DE PERSONA
Nombre Personal John Wulff
9 (RLIN) 20870
700 ## - PUNTO DE ACCESO ADICIONAL--NOMBRE DE PERSONA
Nombre Personal Miguel Verduzco Rodriguez (traductor)
9 (RLIN) 20871
942 ## - ELEMENTOS DE PUNTO DE ACCESO ADICIONAL (KOHA)
Fuente de clasificación
Tipo de item Libros-BMC
945 ## - PROCESAMIENTO DE INFORMACIÓN LOCAL (OCLC)
Catalogador rjall
Holdings
Estado de retiro (separado) Fuente de clasificación o esquema de estanterías Estado dañado Ubicación Sala donde se ubica Nombre de la colección Fecha de adquisición o compra Costo, precio normal en soles Signatura topográfica Código de Barras Última vez visto (Koha) Tipo de ítem (Koha)
No     Sala Ciencias Sala Ciencias Book Cart 2019-03-20 30.00 691.08 / M68 / v.3 SC0000000501 2019-03-20 Libros-BMC

Powered by Koha